000 00724nam a2200289Ia 4500
005 20260324114753.0
008 008 260324s9999 xx 000 0 eng d
020 _a9781003154372
037 _aEBOOK
040 _aCRL
040 _beng
040 _cCRL
041 _2eng
041 _aeng
084 _qCRL
100 _aAlan Weiss
_9314155
245 0 _aYour Legacy is Now
245 0 _bLife is Not a Search for Meaning from Others -- It's the Creation of Meaning for Yourself
260 _bTaylor and Francis
260 _c2021
365 _a
365 _b35.99
856 _uhttp://www.taylorfrancis.com/books/9781003154372
942 _cEBOOK
999 _c1742457
_d1742457